| 000 | 00735na a2200265 4500 | ||
|---|---|---|---|
| 001 | 24234 | ||
| 003 | MIRAKIL | ||
| 005 | 20181213155332.0 | ||
| 008 | 180705b tu 000 0 | ||
| 020 | _a9789750812170 | ||
| 040 |
_aMilas _btur _cTR-AnCHP |
||
| 041 | _atur | ||
| 082 |
_a811.42 _bN29b 2012 |
||
| 090 | _a811.42 N29b 2012 | ||
| 100 | _aNazım Hikmet | ||
| 245 |
_aBütün şiirleri _cNazım Hikmet |
||
| 250 | _a8. bs. | ||
| 260 |
_aİstanbul _bYapı Kredi Yayınları _c2012 _fAcar basım ve cilt san. |
||
| 300 |
_a2094 s. _c18 sm. |
||
| 440 |
_aYapı Kredi Yayınları _v2476 |
||
| 490 |
_aDelta _v7 |
||
| 600 |
_aRan, Nazım Hikmet _cŞair _d1902-1963 |
||
| 650 |
_aTürk edebiyatı _xŞiir |
||
| 942 |
_2ddc _cBKS |
||
| 999 |
_c10753 _d10753 |
||